Géologie
Saved in:
| Main Author: | |
|---|---|
| Format: | Book |
| Language: | French |
| Published: |
París
Centre de Documentation Universitaire
1966
|
| Edition: | 5a. ed |
| Series: | Les Cours de Sorbonne
|
| Subjects: | |
| Tags: |
Add Tag
No Tags, Be the first to tag this record!
|
MARC
| LEADER | 00000nam a2200000 a 4500 | ||
|---|---|---|---|
| 001 | UCU4584 | ||
| 003 | CL-VaPUC | ||
| 008 | 960524e19660000FR |||||||||||||||||fre|d | ||
| 082 | 0 | 4 | |a 551 |b CAI |2 21 |
| 100 | 0 | |a Cailleux, André |e author |9 362265 | |
| 245 | 1 | 0 | |a Géologie |
| 250 | |a 5a. ed | ||
| 300 | |a 219 p | ||
| 942 | |c BK | ||
| 945 | |d 19960524 00:00:00 |a cmena | ||
| 260 | |a París |b Centre de Documentation Universitaire |c 1966 | ||
| 650 | 0 | |a Geología |9 260984 | |
| 650 | 7 | |a GEOLOGIA APLICADA |2 CL-VaPUC |9 262496 | |
| 650 | 0 | |a Topografía |9 260423 | |
| 650 | 0 | |a Geofísica |9 261453 | |
| 650 | 7 | |a TIERRA PLANETA |2 CL-VaPUC |9 344500 | |
| 650 | 7 | |a ESTRUCTURAS GEOLOGICAS |2 CL-VaPUC |9 362266 | |
| 583 | |a last modification |c 19960524 00:00:00 |k Rodrigo Vera | ||
| 490 | 0 | |a Les Cours de Sorbonne | |
| 999 | |c 248258 |d 248256 | ||
| 952 | |0 0 |1 0 |4 0 |6 551_000000000000000_CAI_1966 |7 0 |8 A |9 264759 |a BIBING |b BIBING |d 2019-11-19 |i 1666940 |o 551 CAI 1966 |p 1666940 |r 2025-01-20 |w 2019-11-19 |y BK |k GEO | ||